Energy saving trust (Record no. 120616)

MARC details
000 -LEADER
fixed length control field 01180cai a22002415a 4500
001 - CONTROL NUMBER
control field L139637
008 - FIXED-LENGTH DATA ELEMENTS--GENERAL INFORMATION
fixed length control field 070801u xxkao g 000 0 eng d
035 ## - SYSTEM CONTROL NUMBER
System control number (Sirsi) u139637
041 0# - LANGUAGE CODE
Language code of text/sound track or separate title eng
110 2# - MAIN ENTRY--CORPORATE NAME
Corporate name or jurisdiction name as entry element Energy Saving Trust
9 (RLIN) 1191
245 00 - TITLE STATEMENT
Title Energy saving trust
Medium [electronic resource]
520 ## - SUMMARY, ETC.
Summary, etc. Provides information on energy efficiency and conservation. Details ways that individuals can reduce their impact on climate change. Covers home-based energy generation; home improvements which improve energy efficiency; energy saving products; and Energy Performance Certificates. Also explains ways in which individuals can save energy in their day to day lives.
590 ## - LOCAL NOTE (RLIN)
Local note KA
650 24 - SUBJECT ADDED ENTRY--TOPICAL TERM
Topical term or geographic name entry element ENERGY EFFICIENT BUILDINGS
650 24 - SUBJECT ADDED ENTRY--TOPICAL TERM
Topical term or geographic name entry element HOME INFORMATION PACKS
650 24 - SUBJECT ADDED ENTRY--TOPICAL TERM
Topical term or geographic name entry element RESIDENTIAL ENERGY PERFORMANCE CERTIFICATES
650 24 - SUBJECT ADDED ENTRY--TOPICAL TERM
Topical term or geographic name entry element COMMERCIAL ENERGY PERFORMANCE CERTIFICATES
650 24 - SUBJECT ADDED ENTRY--TOPICAL TERM
Topical term or geographic name entry element HOUSING ACT 2004 PART V
651 #4 - SUBJECT ADDED ENTRY--GEOGRAPHIC NAME
Geographic name United Kingdom
Chronological subdivision
690 ## - LOCAL SUBJECT ADDED ENTRY--TOPICAL TERM (OCLC, RLIN)
Topical term or geographic name as entry element ENVIRONMENTAL AND LAND CONSULTANCY-ENERGY-ENERGY USE-ENERGY EFFICIENCY
856 40 - ELECTRONIC LOCATION AND ACCESS
Uniform Resource Identifier <a href="https://www.energysavingtrust.org.uk/">https://www.energysavingtrust.org.uk/</a>
Public note View the website free of charge at www.energysavingtrust.org.uk...
942 ## - ADDED ENTRY ELEMENTS (KOHA)
Suppress in OPAC 0
Holdings
Withdrawn status Lost status Source of classification or shelving scheme Damaged status Not for loan Home library Current library Shelving location Date acquired Total Checkouts Full call number Barcode Date last seen Copy number Price effective from Koha item type
    Dewey Decimal Classification     Virtual Virtual Online 01/08/2007   ONLINE PUBLICATION 139637-1001 06/08/2019 1 06/08/2019 Online material